| 000 | 01296cam a22003617a 4500 | ||
|---|---|---|---|
| 003 | CHAP | ||
| 005 | 20220329141459.0 | ||
| 008 | 971013s1989 r 00010 d | ||
| 010 | _a68824 | ||
| 011 | _a69796 | ||
| 035 | _a79274 | ||
| 040 | _cCHAP | ||
| 090 | _aTesis | ||
| 100 | 0 | 0 |
_aVázquez Torres, Santiago Mario. _9120534 |
| 245 | 0 | _aRiqueza de plantas vasculares y la diversidad de especies arbóreas del dosel superior en 5 ha. de selva tropical cálido-humeda en la zona de Uxpanapa, Ver. | |
| 260 |
_aChapingo, Méx. : _bEl autor, _c1989 |
||
| 300 | _a294 h. | ||
| 502 | _aTesis (Maestro en Ciencias Esp. en Botánica) -- CP. Centro de Botánica | ||
| 590 |
_aALEPH _b10 _c20130110 _lUCH01 _h1406 |
||
| 590 |
_aBATCH-UPD _b10 _c20130110 _lUCH01 _h0759 |
||
| 590 |
_aBATCH-UPD _b10 _c20130410 _lUCH01 _h0438 |
||
| 590 |
_aBATCH-UPD _b10 _c20130914 _lUCH01 _h0736 |
||
| 590 |
_aCONVERSION _b10 _c20130109 _lUCH01 _h1338 |
||
| 650 | 1 | 4 |
_aBotánica _xTrópicos. _914626 |
| 650 | 1 | 4 |
_aBotánica _xTrópicos. _914626 |
| 650 | 1 | 4 |
_aBotánica _xVeracruz. _914633 |
| 650 | 1 | 4 |
_aBotánica _xVeracruz. _914633 |
| 650 | 1 | 4 |
_aTracheophyta. _9114572 |
| 901 | _aBK | ||
| 942 | _cFOLL | ||
| 949 |
_bBC _cTES _d-32161 _eTS1 _h21442 _i79274 _si |
||
| 949 |
_bBC _cTES _d33724000694550 _eTS2 _fc.2 _h21443 _i79274 _si |
||
| 999 |
_c68824 _d68824 |
||